[Event "8th Boris Kostic mem"]
[Site "Vrsac"]
[Date "1979.09.14"]
[Round "7"]
[White "Matulovic, Milan"]
[Black "Jansa, Vlastimil"]
[Result "1/2-1/2"]
[WhiteElo "2510"]
[BlackElo "2495"]
[EventDate "1979.09.07"]
[PlyCount "44"]
[Source "Perpetual Check"]

1.e4 c5 2.Nf3 d6 3.d4 cxd4 4.Nxd4 Nc6 5.c4 Nf6 6.Nc3 g6 7.Be2 Nxd4 8.Qxd4 
Bg7 9.O-O O-O 10.Qe3 Be6 11.Bd2 Qb6 12.Qxb6 axb6 13.f4 Rfc8 14.b3 b5 15.
cxb5 Nxe4 16.Nxe4 Bd4+ 17.Kh1 Bxa1 18.Rxa1 Rc2 19.a4 Bf5 20.Bd1 Bxe4 21.
Bxc2 Bxc2 22.Ra3 Be4 1/2-1/2

[Event "8th Boris Kostic mem"]
[Site "Vrsac"]
[Date "1979.09.14"]
[Round "7"]
[White "Szabo, Laszlo"]
[Black "Sahovic, Dragutin"]
[Result "0-1"]
[WhiteElo "2515"]
[BlackElo "2520"]
[EventDate "1979.09.07"]
[PlyCount "78"]
[Source "Perpetual Check"]

1.c4 g6 2.d4 Bg7 3.Nc3 d6 4.e4 Nf6 5.f3 O-O 6.Be3 b6 7.Bd3 Bb7 8.Nge2 c5 
9.d5 e6 10.O-O exd5 11.cxd5 Nbd7 12.Ng3 Re8 13.Be2 h5 14.Bg5 a6 15.a4 Qc7 
16.Qc1 c4 17.Bh6 Bh8 18.h4 Ne5 19.Be3 Qd8 20.Nh1 Nfd7 21.Nf2 Nc5 22.Bxc5 
bxc5 23.g3 Bc8 24.Kg2 Rb8 25.f4 Ng4 26.Nxg4 Bxg4 27.Bxc4 Qa5 28.Ra2 Qb4 
29.Bd3 c4 30.Bb1 f5 31.Re1 Qc5 32.Qd2 Qd4 33.Qxd4 Bxd4 34.Kf1 Bh3+ 35.Ke2 
fxe4 36.Nxe4 Bxb2 37.Kd2 Bf5 38.Bc2 Bd4 39.Nxd6 c3+ 0-1

[Event "8th Boris Kostic mem"]
[Site "Vrsac"]
[Date "1979.09.14"]
[Round "7"]
[White "Bronstein, David"]
[Black "Vukic, Milan"]
[Result "1-0"]
[WhiteElo "2555"]
[BlackElo "2485"]
[EventDate "1979.09.07"]
[PlyCount "63"]
[Source "Perpetual Check"]

1.e4 c5 2.Nf3 e6 3.d4 cxd4 4.Nxd4 Nf6 5.Nc3 Nc6 6.Ndb5 d6 7.Bf4 e5 8.Bg5 
a6 9.Na3 b5 10.Bxf6 gxf6 11.Nd5 f5 12.Nxb5 axb5 13.Bxb5 Bd7 14.exf5 Rb8 
15.a4 Qg5 16.g4 Qh4 17.Qd3 Bh6 18.c3 O-O 19.Qg3 Bg5 20.b4 Kh8 21.Qxh4 Bxh4
22.O-O-O Rfc8 23.Kb2 Kg7 24.f3 Be8 25.g5 Bxg5 26.Rhg1 Kh6 27.h4 Bd8 28.Ne3
Kh5 29.f6 h6 30.Nf5 Bd7 31.Ng7+ Kxh4 32.Rd2 1-0

[Event "8th Boris Kostic mem"]
[Site "Vrsac"]
[Date "1979.09.15"]
[Round "8"]
[White "Kurajica, Bojan"]
[Black "Bronstein, David"]
[Result "1/2-1/2"]
[WhiteElo "2515"]
[BlackElo "2555"]
[EventDate "1979.09.07"]
[PlyCount "49"]
[Source "Perpetual Check"]

1.e4 d5 2.exd5 Nf6 3.d4 Nxd5 4.c4 Nf6 5.Nc3 Bg4 6.Be2 Bxe2 7.Ngxe2 e6 8.
O-O Be7 9.Bf4 O-O 10.Qb3 Qc8 11.d5 Na6 12.Rad1 exd5 13.cxd5 Bd6 14.Rd4 Re8
15.Ng3 Bc5 16.Rd3 c6 17.Rf3 Nb4 18.dxc6 Nxc6 19.Nb5 a6 20.Bd6 axb5 21.Bxc5
Ne5 22.Rc3 Qd7 23.Rd1 Qg4 24.h3 Qa4 25.Re3 1/2-1/2

[Event "8th Boris Kostic mem"]
[Site "Vrsac"]
[Date "1979.09.15"]
[Round "8"]
[White "Vukic, Milan"]
[Black "Kapelan, Milorad"]
[Result "0-1"]
[WhiteElo "2485"]
[BlackElo "2335"]
[EventDate "1979.09.07"]
[PlyCount "174"]
[Source "Perpetual Check"]

1.d4 Nf6 2.c4 e6 3.Nf3 d5 4.g3 Be7 5.Bg2 O-O 6.O-O Nbd7 7.Qc2 c6 8.b3 b5 
9.c5 Ne4 10.Bb2 a5 11.a3 f5 12.Ne1 Ndf6 13.f3 Ng5 14.Nd3 h6 15.Nd2 Bd7 16.
Rae1 Qc7 17.Nf4 Bd8 18.e4 Kh7 19.exf5 exf5 20.h4 Nf7 21.Bh3 g6 22.h5 Nxh5 
23.Nxh5 Ng5 24.Kg2 gxh5 25.Re5 Nxh3 26.Kxh3 Bf6 27.f4 Bxe5 28.dxe5 Be6 29.
Bd4 Qg7 30.Nf3 Rg8 31.Qf2 Qg4+ 32.Kh2 b4 33.a4 Kg7 34.Nh4 Kf8 35.Qf3 Qg7 
36.Kg2 Qf7 37.Kf2 Ke7 38.Rh1 Rg7 39.Rh3 Rag8 40.Qd3 Ra8 41.Qe2 Kd7 42.Qf1 
Kc7 43.Ng2 Kb7 44.Qh1 Rag8 45.Qh2 Ka7 46.Qh1 Rg6 47.Qd1 R6g7 48.Qd3 Qg6 
49.Qf3 Qf7 50.Nh4 Rg4 51.Ke1 Qb7 52.Qd3 Qg7 53.Kf2 Qd7 54.Ke1 Qe7 55.Bf2 
Qf7 56.Nf3 h4 57.Nd4 Qd7 58.Rxh4 Rxh4 59.gxh4 Kb7 60.Ke2 Qc8 61.Kf3 Kc7 
62.Ke2 Kb7 63.Bg3 Qe8 64.Kf2 Qf7 65.Qe3 Qe7 66.Qc1 Bc8 67.Qc2 Qf8 68.Qc1 
Rg6 69.Kf3 Qg8 70.Qe1 Qg7 71.Qf2 Qf8 72.Qc2 Rg8 73.Kf2 Kc7 74.Qc1 Qg7 75.
Qe3 Qg6 76.Qd3 Ba6 77.Qf3 Kb7 78.h5 Qf7 79.Qd1 Kc7 80.Qb1 Bc8 81.Qh1 Qe7 
82.Qc1 Qf8 83.Qc2 Qg7 84.Qd3 Qg4 85.e6 Ba6 86.Qf3 Qh3 87.Qg2 Rxg3 0-1

[Event "8th Boris Kostic mem"]
[Site "Vrsac"]
[Date "1979.09.15"]
[Round "8"]
[White "Sahovic, Dragutin"]
[Black "Matulovic, Milan"]
[Result "1/2-1/2"]
[WhiteElo "2520"]
[BlackElo "2510"]
[EventDate "1979.09.07"]
[PlyCount "87"]
[Source "Perpetual Check"]

1.d4 d5 2.Nf3 Nf6 3.Bg5 c6 4.c3 Bf5 5.Nbd2 Nbd7 6.e3 h6 7.Bh4 e6 8.Nb3 Be7
9.Bd3 Bxd3 10.Qxd3 Ne4 11.Bxe7 Qxe7 12.O-O Nd6 13.Nbd2 O-O 14.e4 dxe4 15.
Nxe4 Nxe4 16.Qxe4 Nf6 17.Qe2 c5 18.dxc5 Qxc5 19.c4 Rfd8 20.Rad1 Rxd1 21.
Rxd1 Qa5 22.b3 Rd8 23.Rxd8+ Qxd8 24.g3 a6 25.Kg2 Qb6 26.Qd3 Qc6 27.Qd8+ 
Kh7 28.Qd4 Kg8 29.Qd3 Kf8 30.Kf1 Qe4 31.Qd6+ Kg8 32.Qd8+ Kh7 33.Kg2 Qc6 
34.Qd3+ Kg8 35.Kf1 Qe4 36.Qxe4 Nxe4 37.a3 Kf8 38.Ke2 Ke7 39.Nd2 Nf6 40.b4 
Kd6 41.f3 Nd7 42.Ke3 f5 43.Kd4 e5+ 44.Kd3 1/2-1/2

[Event "8th Boris Kostic mem"]
[Site "Vrsac"]
[Date "1979.09.15"]
[Round "8"]
[White "Jansa, Vlastimil"]
[Black "Stean, Michael Francis"]
[Result "0-1"]
[WhiteElo "2495"]
[BlackElo "2540"]
[EventDate "1979.09.07"]
[PlyCount "78"]
[Source "Perpetual Check"]

1.e4 e5 2.Nf3 Nc6 3.Bb5 a6 4.Ba4 Nf6 5.O-O Nxe4 6.d4 b5 7.Bb3 d5 8.dxe5 
Be6 9.Qe2 Be7 10.Rd1 O-O 11.c4 bxc4 12.Bxc4 Bc5 13.Be3 Bxe3 14.Qxe3 Qb8 
15.Bb3 Na5 16.Nbd2 Qa7 17.Nd4 Nxd2 18.Qxd2 Qb6 19.Bc2 c5 20.Nf5 Bxf5 21.
Bxf5 Rad8 22.Re1 Nc6 23.Rad1 Nd4 24.Bb1 a5 25.Re3 f5 26.exf6 Qxf6 27.f3 a4
28.Kh1 Qh6 29.Rc3 Qxd2 30.Rxd2 Rfe8 31.Rc1 a3 32.bxa3 Ne2 33.Rf1 c4 34.Bc2
Nc3 35.h4 d4 36.Rc1 d3 37.Bb3 cxb3 38.Rxc3 Re1+ 39.Kh2 bxa2 0-1

[Event "8th Boris Kostic mem"]
[Site "Vrsac"]
[Date "1979.09.16"]
[Round "9"]
[White "Rajkovic, Dusan"]
[Black "Lein, Anatoly"]
[Result "1-0"]
[WhiteElo "2460"]
[BlackElo "2535"]
[EventDate "1979.09.07"]
[PlyCount "80"]
[Source "Perpetual Check"]

1.c4 e5 2.Nc3 Nc6 3.Nf3 f5 4.d4 e4 5.Ng5 Nf6 6.e3 d6 7.b4 h6 8.Nh3 g5 9.
Ng1 Qd7 10.h4 gxh4 11.b5 Ne7 12.Rxh4 Ng6 13.Rh1 Qf7 14.Nh3 Bg7 15.Qb3 Be6 
16.Ba3 b6 17.g3 O-O-O 18.Bb4 Nh7 19.a4 Ng5 20.d5 Nf3+ 21.Kd1 Bd7 22.a5 Kb7
23.Be2 Nge5 24.Kc2 h5 25.axb6 axb6 26.Ra7+ Kc8 27.Bxd6 Be8 28.Qa3 Rxd6 29.
Ra1 Kd8 30.Nf4 Rhh6 31.c5 bxc5 32.Qxc5 Qd7 33.b6 cxb6 34.Rxd7+ Bxd7 35.
Ra8+ Ke7 36.Qc7 Ne1+ 37.Kd1 N5d3 38.Bxh5 Rxh5 39.Nxh5 Nxf2+ 40.Ke2 Rh6 1-0

[Event "8th Boris Kostic mem"]
[Site "Vrsac"]
[Date "1979.09.16"]
[Round "9"]
[White "Marjanovic, Slavoljub"]
[Black "Jansa, Vlastimil"]
[Result "1/2-1/2"]
[WhiteElo "2505"]
[BlackElo "2495"]
[EventDate "1979.09.07"]
[PlyCount "54"]
[Source "Perpetual Check"]

1.e4 c5 2.Nf3 d6 3.d4 cxd4 4.Nxd4 Nf6 5.Nc3 e6 6.Be2 Be7 7.O-O O-O 8.f4 a6
9.Kh1 Nc6 10.Be3 Bd7 11.a4 Rc8 12.Nb3 Na5 13.Nd2 Qc7 14.Qe1 Nc6 15.Qf2 Nb4
16.Rfc1 Bc6 17.Bb6 Qb8 18.Bf3 Nd7 19.Ba7 Qc7 20.a5 d5 21.exd5 Nxd5 22.Nxd5
Bxd5 23.Bxd5 exd5 24.c3 Bc5 25.Bxc5 Nxc5 26.Qf3 Rfe8 27.Rd1 Qc6 1/2-1/2

[Event "8th Boris Kostic mem"]
[Site "Vrsac"]
[Date "1979.09.16"]
[Round "9"]
[White "Stean, Michael Francis"]
[Black "Sahovic, Dragutin"]
[Result "0-1"]
[WhiteElo "2540"]
[BlackElo "2520"]
[EventDate "1979.09.07"]
[PlyCount "104"]
[Source "Perpetual Check"]

1.c4 g6 2.Nf3 Bg7 3.d4 Nf6 4.Nc3 O-O 5.e4 d6 6.Be2 e5 7.O-O Nbd7 8.Re1 c6 
9.Bf1 a5 10.Rb1 Re8 11.d5 Nc5 12.b3 cxd5 13.cxd5 Nh5 14.Bg5 f6 15.Be3 b6 
16.Rc1 f5 17.exf5 Bxf5 18.Nd2 Nf4 19.Nc4 g5 20.Bxc5 bxc5 21.Ne4 Bxe4 22.
Rxe4 Qf6 23.g3 Ng6 24.Bh3 Nf8 25.Qh5 Re7 26.Rc2 Rb7 27.Rd2 a4 28.bxa4 Rxa4
29.Nxd6 Rb1+ 30.Kg2 Rd4 31.Rdxd4 cxd4 32.Nc4 Qa6 33.Be6+ Nxe6 34.dxe6 Qxe6
35.Nxe5 d3 36.Qxg5 Qd5 37.Qg4 d2 38.Qc8+ Bf8 39.Qg4+ Kh8 40.Qf5 Qxe4+ 41.
Qxe4 d1=Q 42.Qf5 Be7 43.Nd3 Qh1+ 44.Kh3 Qf1+ 45.Kg4 Qe2+ 46.f3 Rb8 47.h4 
Rg8+ 48.Kh3 Rf8 49.Qd5 Qxf3 50.Qd4+ Bf6 51.Qd6 Qf5+ 52.Kg2 Rd8 0-1

[Event "8th Boris Kostic mem"]
[Site "Vrsac"]
[Date "1979.09.16"]
[Round "9"]
[White "Kapelan, Milorad"]
[Black "Kurajica, Bojan"]
[Result "0-1"]
[WhiteElo "2335"]
[BlackElo "2515"]
[EventDate "1979.09.07"]
[PlyCount "88"]
[Source "Perpetual Check"]

1.Nf3 Nf6 2.c4 b6 3.g3 Bb7 4.d4 e6 5.Bg2 Bb4+ 6.Nbd2 O-O 7.O-O Bxd2 8.Qxd2
d6 9.b3 Nbd7 10.Bb2 a5 11.Rfe1 Ne4 12.Qc2 f5 13.Nd2 Ndf6 14.f3 Nxd2 15.
Qxd2 Qe8 16.c5 Qd7 17.cxb6 cxb6 18.Rac1 a4 19.bxa4 Rxa4 20.a3 Ba6 21.e3 h6
22.Bf1 Bxf1 23.Rxf1 b5 24.Qc2 Nd5 25.Qb3 Rc4 26.e4 Nb6 27.Rxc4 Nxc4 28.Bc1
Qa7 29.Rd1 fxe4 30.Qxb5 d5 31.Qc6 Qf7 32.f4 Qe8 33.Qa6 Kh7 34.Re1 Qd7 35.
f5 Rxf5 36.Bf4 e5 37.dxe5 Nxe5 38.Bxe5 Rxe5 39.Qa5 Re7 40.Rd1 d4 41.Qc5 e3
42.Rxd4 e2 43.Rxd7 e1=Q+ 44.Kg2 Qe4+ 0-1

[Event "8th Boris Kostic mem"]
[Site "Vrsac"]
[Date "1979.09.17"]
[Round "10"]
[White "Jansa, Vlastimil"]
[Black "Rajkovic, Dusan"]
[Result "1/2-1/2"]
[WhiteElo "2495"]
[BlackElo "2460"]
[EventDate "1979.09.07"]
[PlyCount "24"]
[Source "Perpetual Check"]

1.e4 c5 2.Nf3 e6 3.d4 cxd4 4.Nxd4 a6 5.Nc3 Nc6 6.Be3 Qc7 7.Be2 b5 8.Nxc6 
Qxc6 9.Bf3 Bb7 10.O-O Qc7 11.Qd3 Bd6 12.h3 Nf6 1/2-1/2

[Event "8th Boris Kostic mem"]
[Site "Vrsac"]
[Date "1979.09.19"]
[Round "11"]
[White "Lein, Anatoly"]
[Black "Jansa, Vlastimil"]
[Result "1/2-1/2"]
[WhiteElo "2535"]
[BlackElo "2495"]
[EventDate "1979.09.07"]
[PlyCount "160"]
[Source "Perpetual Check"]

1.e4 c5 2.Nf3 d6 3.Bb5+ Bd7 4.Bxd7+ Nxd7 5.O-O Ngf6 6.Qe2 e6 7.c3 Be7 8.d4
O-O 9.Rd1 cxd4 10.cxd4 d5 11.e5 Ne8 12.Nbd2 Rc8 13.Nf1 Nb8 14.Bf4 Nc6 15.
Ne3 Nc7 16.Bg3 Na8 17.h4 Nb6 18.h5 Nd7 19.Ng4 Qb6 20.h6 g6 21.Bf4 Rfe8 22.
Qe3 Nb4 23.Bg5 Qd8 24.Qf4 Bxg5 25.Nxg5 Qe7 26.a3 Nc6 27.Rd3 Na5 28.Rf3 Rf8
29.g3 Rc2 30.b3 Nc6 31.Rd1 Nd8 32.Kg2 Rc8 33.Rdd3 Re8 34.a4 a5 35.Rd1 Rf8 
36.Rd2 Rc6 37.Kh3 Rc7 38.Kh2 Rc8 39.Kh1 Rc1+ 40.Kg2 Rc8 41.Re2 Rc6 42.Re1 
Rc2 43.Nh3 Rc8 44.Ng1 Nc6 45.Ne2 Rfe8 46.Nc3 Na7 47.Rc1 Rf8 48.Nb5 Rxc1 
49.Qxc1 Rc8 50.Rc3 Rxc3 51.Qxc3 Nc6 52.Nd6 f5 53.Nxb7 Nxd4 54.Nh2 Ne2 55.
Qxa5 Nxe5 56.Qa8+ Qf8 57.Qa6 Nd4 58.Qb6 Qxh6 59.Qxd4 Qxh2+ 60.Kxh2 Nf3+ 
61.Kg2 Nxd4 62.b4 Kf8 63.b5 Ke7 64.b6 Nb3 65.a5 Kd7 66.f4 d4 67.Kf2 d3 68.
Ke3 d2 69.Ke2 h6 70.Kd1 g5 71.a6 Kc6 72.fxg5 hxg5 73.Nd8+ Kxb6 74.Nxe6 g4 
75.Nf4 Kxa6 76.Nd5 Kb5 77.Ne3 Kb4 78.Kc2 f4 79.gxf4 g3 80.f5 Nd4+ 1/2-1/2

[Event "8th Boris Kostic mem"]
[Site "Vrsac"]
[Date "1979.09.19"]
[Round "11"]
[White "Rajkovic, Dusan"]
[Black "Sahovic, Dragutin"]
[Result "1/2-1/2"]
[WhiteElo "2460"]
[BlackElo "2520"]
[EventDate "1979.09.07"]
[PlyCount "31"]
[Source "Perpetual Check"]

1.d4 Nf6 2.c4 g6 3.Nc3 d5 4.Nf3 Bg7 5.Bg5 Ne4 6.cxd5 Nxg5 7.Nxg5 e6 8.Qd2 
exd5 9.Qe3+ Kf8 10.Qd2 Bf6 11.Nf3 Kg7 12.e3 Re8 13.b4 c6 14.Be2 Be6 15.O-O
Nd7 16.a4 1/2-1/2

[Event "8th Boris Kostic mem"]
[Site "Vrsac"]
[Date "1979.09.19"]
[Round "11"]
[White "Stean, Michael Francis"]
[Black "Matanovic, Aleksandar"]
[Result "1/2-1/2"]
[WhiteElo "2540"]
[BlackElo "2495"]
[EventDate "1979.09.07"]
[PlyCount "132"]
[Source "Perpetual Check"]

1.c4 Nf6 2.Nc3 e6 3.Nf3 Bb4 4.Qc2 O-O 5.a3 Bxc3 6.Qxc3 b6 7.g3 d5 8.Bg2 c5
9.b4 Nbd7 10.O-O Bb7 11.d3 Qe7 12.Bb2 a5 13.b5 d4 14.Qd2 e5 15.Nxd4 Bxg2 
16.Nf5 Qe6 17.Qg5 g6 18.Nh6+ Kg7 19.Kxg2 Nh5 20.e4 Kh8 21.f4 f6 22.Qg4 Qe7
23.Qf3 Ng7 24.Ng4 Qd6 25.Rad1 Ne6 26.Ne3 Nd4 27.Qf2 Kg7 28.Nd5 Rab8 29.
Rde1 Qe6 30.Re3 Qd6 31.a4 Rbe8 32.Kh1 Rc8 33.Ree1 Qe6 34.Qg2 Qg4 35.Bc3 
Qe6 36.Ba1 Qg4 37.Bb2 Qe6 38.Rf2 Rf7 39.Ref1 Rff8 40.Bc3 Qg4 41.h3 Qh5 42.
Kh2 Ne6 43.Bd2 Rce8 44.Be3 Rc8 45.Rg1 Nd4 46.Ne7 Rce8 47.g4 Qh4 48.Nf5+ 
Nxf5 49.gxf5 Qh5 50.fxg6 hxg6 51.Rf3 exf4 52.Bxf4 Kf7 53.Rg3 Ne5 54.Rf1 
Re6 55.Kg1 Kg7 56.Kh1 Rd8 57.Rg1 Kf7 58.Bxe5 Rxe5 59.Rxg6 Rxd3 60.Rxf6+ 
Kxf6 61.Qg7+ Ke6 62.Rg6+ Qxg6 63.Qxg6+ Ke7 64.Qxb6 Rg5 65.Qc7+ Ke8 66.Qc8+
Ke7 1/2-1/2

[Event "8th Boris Kostic mem"]
[Site "Vrsac"]
[Date "1979.09.19"]
[Round "11"]
[White "Matulovic, Milan"]
[Black "Vukic, Milan"]
[Result "1-0"]
[WhiteElo "2510"]
[BlackElo "2485"]
[EventDate "1979.09.07"]
[PlyCount "93"]
[Source "Perpetual Check"]

1.e4 c5 2.Nf3 e6 3.d4 cxd4 4.Nxd4 Nf6 5.Nc3 Nc6 6.Ndb5 d6 7.Bf4 e5 8.Bg5 
a6 9.Na3 b5 10.Bxf6 gxf6 11.Nd5 f5 12.exf5 Bxf5 13.Bd3 e4 14.Qe2 Nd4 15.
Qe3 Bg7 16.f3 Nxf3+ 17.gxf3 Qh4+ 18.Kd2 Kf8 19.Bxe4 Bxe4 20.Qxe4 Qf2+ 21.
Kc1 Re8 22.Qb4 Re6 23.Nc7 Rg6 24.Qe1 Bh6+ 25.Kb1 Qa7 26.Naxb5 axb5 27.Nxb5
Qa4 28.Nc3 Qd4 29.a4 Bg7 30.Qe4 Qa7 31.Nb5 Qa5 32.c3 Be5 33.f4 Bg7 34.Kc2 
Re6 35.Qd3 Qb6 36.Rae1 Ke7 37.Rxe6+ fxe6 38.Rd1 Qf2+ 39.Rd2 Qxf4 40.Qxd6+ 
Qxd6 41.Rxd6 Rf8 42.Rd2 Rf5 43.c4 Rf4 44.b3 Rf1 45.c5 Bh6 46.Rd1 Rf2+ 47.
Kc3 1-0

[Event "8th Boris Kostic mem"]
[Site "Vrsac"]
[Date "1979.09.20"]
[Round "12"]
[White "Kurajica, Bojan"]
[Black "Matulovic, Milan"]
[Result "1/2-1/2"]
[WhiteElo "2515"]
[BlackElo "2510"]
[EventDate "1979.09.07"]
[PlyCount "45"]
[Source "Perpetual Check"]

1.e4 c6 2.d4 d5 3.Nd2 dxe4 4.Nxe4 Bf5 5.Ng3 Bg6 6.h4 h6 7.Nf3 Nd7 8.Bd3 
Bxd3 9.Qxd3 Ngf6 10.Bf4 Qa5+ 11.Bd2 Qc7 12.O-O-O e6 13.c4 Bd6 14.Ne4 Bf4 
15.Nxf6+ Nxf6 16.Bxf4 Qxf4+ 17.Qd2 Qxd2+ 18.Rxd2 Ke7 19.Rhd1 Rhd8 20.Ne5 
Nd7 21.Nxd7 Rxd7 22.Kc2 Rad8 23.Kc3 1/2-1/2

[Event "8th Boris Kostic mem"]
[Site "Vrsac"]
[Date "1979.09.20"]
[Round "12"]
[White "Vukic, Milan"]
[Black "Stean, Michael Francis"]
[Result "1/2-1/2"]
[WhiteElo "2485"]
[BlackElo "2540"]
[EventDate "1979.09.07"]
[PlyCount "107"]
[Source "Perpetual Check"]

1.d4 Nf6 2.c4 e6 3.Nf3 d5 4.g3 Be7 5.Bg2 O-O 6.O-O dxc4 7.Qc2 a6 8.a4 Bd7 
9.Qxc4 Bc6 10.Bf4 a5 11.Nc3 Na6 12.Rfd1 Nb4 13.Bg5 Bd5 14.Nxd5 exd5 15.Qb3
Ne4 16.Bd2 c6 17.e3 Bd6 18.Bxb4 Bxb4 19.Ne5 Qe7 20.Qc2 Rad8 21.Nd3 Bd6 22.
Qe2 Rfe8 23.Rac1 g6 24.Qe1 Ra8 25.Rc2 h5 26.f3 Ng5 27.Re2 Ne6 28.Bf1 Kg7 
29.Qf2 Rad8 30.f4 Nf8 31.Bg2 Nh7 32.e4 dxe4 33.Rxe4 Qc7 34.d5 cxd5 35.Rxe8
Rxe8 36.Bxd5 Nf6 37.Qd4 Qc2 38.Bf3 Rd8 39.Rc1 Qd2 40.Qc3 Qe3+ 41.Nf2 Qb6 
42.Rc2 Rd7 43.Kg2 Bb4 44.Qe5 Re7 45.Qb5 Qxb5 46.axb5 b6 47.Nd3 Re3 48.Ne5 
Bc5 49.Rd2 Rb3 50.Be2 Be3 51.Rd3 Rxd3 52.Bxd3 Bd4 53.Nc4 Nd5 54.b3 1/2-1/2

[Event "8th Boris Kostic mem"]
[Site "Vrsac"]
[Date "1979.09.20"]
[Round "12"]
[White "Matanovic, Aleksandar"]
[Black "Marjanovic, Slavoljub"]
[Result "1/2-1/2"]
[WhiteElo "2495"]
[BlackElo "2505"]
[EventDate "1979.09.07"]
[PlyCount "59"]
[Source "Perpetual Check"]

1.e4 e6 2.d4 d5 3.Nd2 c5 4.Ngf3 cxd4 5.exd5 Qxd5 6.Bc4 Qd6 7.O-O Nf6 8.Nb3
Nc6 9.Nbxd4 Nxd4 10.Nxd4 Bd7 11.b3 a6 12.Bb2 Qc7 13.Qe2 h5 14.Nf3 Bd6 15.
Be5 Bc6 16.Bxd6 Qxd6 17.Rad1 Qc7 18.a4 Bxf3 19.Qxf3 Ng4 20.g3 Ne5 21.Qf4 
Rc8 22.Bxe6 fxe6 23.Rfe1 Nf7 24.Rxe6+ Kf8 25.Qf5 Re8 26.Rxe8+ Kxe8 27.Re1+
Kf8 28.Rd1 Ke8 29.Re1+ Kf8 30.Rd1 1/2-1/2

[Event "8th Boris Kostic mem"]
[Site "Vrsac"]
[Date "1979.09.21"]
[Round "13"]
[White "Jansa, Vlastimil"]
[Black "Sahovic, Dragutin"]
[Result "1/2-1/2"]
[WhiteElo "2495"]
[BlackElo "2520"]
[EventDate "1979.09.07"]
[PlyCount "36"]
[Source "Perpetual Check"]

1.e4 b6 2.d4 Bb7 3.Bd3 e6 4.Nf3 c5 5.O-O cxd4 6.Nxd4 d6 7.Nc3 Nf6 8.Bg5 h6
9.Bb5+ Nbd7 10.Bxf6 Qxf6 11.f4 O-O-O 12.a4 a6 13.Bc6 Nb8 14.Bxb7+ Kxb7 15.
f5 Qe5 16.fxe6 fxe6 17.Kh1 Rd7 18.Qd3 Be7 1/2-1/2

[Event "8th Boris Kostic mem"]
[Site "Vrsac"]
[Date "1979.09.21"]
[Round "13"]
[White "Rajkovic, Dusan"]
[Black "Matanovic, Aleksandar"]
[Result "1/2-1/2"]
[WhiteElo "2460"]
[BlackElo "2495"]
[EventDate "1979.09.07"]
[PlyCount "145"]
[Source "Perpetual Check"]

1.c4 Nf6 2.Nc3 e6 3.e4 c5 4.f4 Nc6 5.g3 d5 6.e5 d4 7.Nb1 Ng8 8.Bg2 Nh6 9.
d3 Nf5 10.Qe2 Bd7 11.Kf2 Qb6 12.Nd2 Ne3 13.Be4 O-O-O 14.Nf1 Nxf1 15.Kxf1 
f6 16.exf6 gxf6 17.Nf3 Bd6 18.Kf2 Rde8 19.Re1 Qc7 20.Bd2 f5 21.Bxc6 Bxc6 
22.Ne5 Bxe5 23.Qxe5 Qf7 24.h4 Rhg8 25.Rg1 Qh5 26.Qe2 Rg4 27.Kf1 Qg6 28.Qh2
Rg8 29.h5 Qg7 30.Kf2 Qc7 31.a3 b6 32.Rae1 Kd7 33.Re5 Bb7 34.Ke2 Qc6 35.Qf2
Qa4 36.b4 Qxa3 37.bxc5 bxc5 38.Qe1 Bc6 39.Qa1 Qxa1 40.Rxa1 Rxg3 41.Rxa7+ 
Kd6 42.Ba5 Rg2+ 43.Kd1 Bf3+ 44.Kc1 Rg1+ 45.Re1 Rxe1+ 46.Bxe1 Bxh5 47.Bh4 
Rg1+ 48.Kd2 Rg2+ 49.Ke1 Re2+ 50.Kf1 Re3 51.Be7+ Kc6 52.Ra6+ Kb7 53.Ra3 Kb6
54.Bd8+ Kc6 55.Ra6+ Kb7 56.Rb6+ Kc8 57.Be7 Rxd3 58.Bxc5 Rd1+ 59.Kg2 Rd2+ 
60.Kg3 d3 61.Rd6 Kc7 62.Rd4 Be2 63.Be7 h5 64.Kf2 Rd1 65.c5 Rf1+ 66.Ke3 
Rf3+ 67.Kd2 Rf2 68.Ke3 Rg2 69.Rd6 Rg3+ 70.Kd2 Rg8 71.Bf6 Ra8 72.Be5 Ra2+ 
73.Ke3 1/2-1/2

[Event "8th Boris Kostic mem"]
[Site "Vrsac"]
[Date "1979.09.21"]
[Round "13"]
[White "Marjanovic, Slavoljub"]
[Black "Vukic, Milan"]
[Result "1-0"]
[WhiteElo "2505"]
[BlackElo "2485"]
[EventDate "1979.09.07"]
[PlyCount "87"]
[Source "Perpetual Check"]

1.e4 c5 2.Nf3 e6 3.d4 cxd4 4.Nxd4 Nf6 5.Nc3 Nc6 6.a3 Be7 7.g3 d6 8.Bg2 Bd7
9.Ndb5 Qb8 10.a4 a6 11.Na3 Qc7 12.O-O O-O 13.Be3 Na5 14.h3 Rfd8 15.Qd4 
Rdc8 16.Rfd1 Be8 17.Qb6 Nd7 18.Qxc7 Rxc7 19.Ne2 Rac8 20.b3 g6 21.Bd2 Nc6 
22.c4 Nc5 23.Rab1 Bf8 24.a5 Nd7 25.Nc2 Rb8 26.Nb4 Nc5 27.Na2 b5 28.axb6 
Rxb6 29.b4 Nd7 30.b5 axb5 31.cxb5 Rcb7 32.Nec3 Na7 33.Be3 Nc5 34.e5 d5 35.
Nb4 Bxb5 36.Nbxd5 exd5 37.Nxd5 Ra6 38.Nf6+ Rxf6 39.exf6 Rc7 40.Rd8 Ba6 41.
Rc1 Rd7 42.Rxf8+ Kxf8 43.Bxc5+ Kg8 44.Ra1 1-0

[Event "8th Boris Kostic mem"]
[Site "Vrsac"]
[Date "1979.09.21"]
[Round "13"]
[White "Stean, Michael Francis"]
[Black "Kurajica, Bojan"]
[Result "1-0"]
[WhiteElo "2540"]
[BlackElo "2515"]
[EventDate "1979.09.07"]
[PlyCount "113"]
[Source "Perpetual Check"]

1.c4 e6 2.g3 d5 3.Bg2 c6 4.Qc2 b5 5.d3 Ba6 6.Nd2 bxc4 7.dxc4 Nf6 8.Ngf3 
Qb6 9.O-O Nbd7 10.a3 Bb7 11.b4 a5 12.bxa5 Qxa5 13.Rb1 Ba6 14.e4 Bc5 15.Bb2
O-O 16.e5 Ng4 17.Bh3 Nh6 18.Ng5 g6 19.Nxe6 fxe6 20.Bxe6+ Rf7 21.Nb3 Qb6 
22.Nxc5 Qxc5 23.Bxf7+ Kxf7 24.e6+ Kxe6 25.cxd5+ Kf7 26.Qd2 Nf5 27.dxc6 
Qxc6 28.Rfc1 Nc5 29.Qc3 Rd8 30.Rd1 Rxd1+ 31.Rxd1 Bb7 32.f3 Qb6 33.Qb4 Qc6 
34.Qc4+ Ne6 35.Qxc6 Bxc6 36.Kf2 h5 37.Rc1 Bd5 38.a4 Ke7 39.a5 Bb7 40.Rd1 
g5 41.Ba3+ Ke8 42.Rb1 Bc6 43.a6 Nfd4 44.a7 Kd7 45.Rc1 Bb7 46.Rb1 Kc8 47.
Bc1 g4 48.fxg4 hxg4 49.Be3 Nc6 50.Rb5 Ba8 51.Rh5 Kb7 52.Rh8 Nc7 53.Rh7 Kc8
54.Rg7 Nb5 55.Bb6 Bb7 56.Rg8+ Kd7 57.Rb8 1-0

[Event "8th Boris Kostic mem"]
[Site "Vrsac"]
[Date "1979.09.21"]
[Round "13"]
[White "Matulovic, Milan"]
[Black "Bronstein, David"]
[Result "1/2-1/2"]
[WhiteElo "2510"]
[BlackElo "2555"]
[EventDate "1979.09.07"]
[PlyCount "23"]
[Source "Perpetual Check"]

1.e4 c6 2.d4 d5 3.Nd2 dxe4 4.Nxe4 Nf6 5.Nxf6+ gxf6 6.Nf3 Bf5 7.g3 Qd5 8.c3
Nd7 9.Bg2 Qc4 10.Bf1 Qd5 11.Bg2 Qc4 12.Bf1 1/2-1/2

[Event "8th Boris Kostic mem"]
[Site "Vrsac"]
[Date "1979.09.22"]
[Round "14"]
[White "Kapelan, Milorad"]
[Black "Matulovic, Milan"]
[Result "1/2-1/2"]
[WhiteElo "2335"]
[BlackElo "2510"]
[EventDate "1979.09.07"]
[PlyCount "33"]
[Source "Perpetual Check"]

1.Nf3 g6 2.g3 Bg7 3.d4 f5 4.Bg2 Nf6 5.O-O O-O 6.c4 d6 7.Nc3 Nc6 8.d5 Na5 
9.Qd3 c5 10.b3 a6 11.Bb2 Rb8 12.Rad1 Bd7 13.Ba1 b5 14.Nd2 Ng4 15.e3 Ne5 
16.Qe2 b4 17.Ncb1 1/2-1/2

[Event "8th Boris Kostic mem"]
[Site "Vrsac"]
[Date "1979.09.22"]
[Round "14"]
[White "Bronstein, David"]
[Black "Stean, Michael Francis"]
[Result "1/2-1/2"]
[WhiteElo "2555"]
[BlackElo "2540"]
[EventDate "1979.09.07"]
[PlyCount "36"]
[Source "Perpetual Check"]

1.d4 Nf6 2.c4 e6 3.Nc3 Bb4 4.e3 O-O 5.Bd3 c5 6.Ne2 d5 7.O-O dxc4 8.Bxc4 
Nc6 9.a3 Bxc3 10.bxc3 e5 11.dxc5 Qa5 12.a4 Qxc5 13.Bb5 Rd8 14.Ba3 Qb6 15.
Qc2 Be6 16.Ng3 Qc7 17.Ne4 Nxe4 18.Qxe4 Na5 1/2-1/2

[Event "8th Boris Kostic mem"]
[Site "Vrsac"]
[Date "1979.09.22"]
[Round "14"]
[White "Kurajica, Bojan"]
[Black "Marjanovic, Slavoljub"]
[Result "1-0"]
[WhiteElo "2515"]
[BlackElo "2505"]
[EventDate "1979.09.07"]
[PlyCount "114"]
[Source "Perpetual Check"]

1.e4 c5 2.c3 Nf6 3.e5 Nd5 4.d4 cxd4 5.Qxd4 e6 6.Nf3 Nc6 7.Qe4 Nde7 8.Bd3 
Ng6 9.O-O b6 10.Re1 Bb7 11.Qg4 d6 12.Bg5 Qc7 13.exd6 Bxd6 14.Nbd2 Nge5 15.
Nxe5 Bxe5 16.Nf3 Bf6 17.Bxf6 gxf6 18.Qg7 O-O-O 19.Qxf6 Ne7 20.Be4 Nd5 21.
Qe5 Rhg8 22.Qxc7+ Kxc7 23.Nd4 h5 24.Rad1 a6 25.g3 h4 26.c4 Ne7 27.Bxb7 
Kxb7 28.Kg2 Kc7 29.Nf3 hxg3 30.hxg3 Nf5 31.Rxd8 Kxd8 32.c5 bxc5 33.Rc1 Kc7
34.Rxc5+ Kb6 35.b4 Rg4 36.a3 f6 37.Rc8 Nd6 38.Rb8+ Kc7 39.Rf8 Rg6 40.Nd4 
e5 41.Ne6+ Kc6 42.Ra8 Kb7 43.Rd8 Kc6 44.a4 f5 45.Nc5 a5 46.Nd3 Kc7 47.Rh8 
axb4 48.Nxb4 Nc4 49.Nd5+ Kd6 50.Rd8+ Kc5 51.Ne7 Rf6 52.Rd5+ Kb4 53.Rxe5 
Rf7 54.Nd5+ Kxa4 55.Re6 Kb5 56.Ne3 Kc5 57.Nxc4 Kxc4 1-0